[Event "Lindores Abbey Tal Blitz 2021"]
[Site "Riga"]
[Date "2021.11.08"]
[Round "3.59"]
[White "Muzychuk, Mariya"]
[Black "Eizaguerri Floris, Maria"]
[Result "1-0"]
[WhiteElo "2536"]
[BlackElo "2328"]
[Annotator "ChessBase"]
[PlyCount "60"]
[EventDate "2021.11.02"]
[EventType "swiss"]
[EventCountry "LAT"]
[SourceTitle "playchess.com"]
[Source "ChessBase"]
[SourceQuality "1"]

1. e4 c5 2. c4 Nc6 3. Ne2 e6 4. d4 cxd4 5. Nxd4 Nf6 6. Nc3 Bb4 7. Nxc6 bxc6 8.
Bd3 d5 9. cxd5 exd5 10. exd5 Bxc3+ 11. bxc3 Qxd5 12. O-O O-O 13. Be3 Bg4 14.
Qc2 Rfd8 15. Be2 Qh5 16. Bxg4 Nxg4 17. Bf4 h6 18. Rfd1 Nf6 19. h3 Nd5 20. Bg3
Qg5 21. Rd4 Qf6 22. Rad1 Re8 23. c4 Nb4 24. Qb3 c5 25. Rd6 Qf5 26. a3 Nc2 27.
R6d5 Qe4 28. Rxc5 Nd4 29. Qd3 Ne2+ 30. Kh2 Nxg3 1-0

[Event "Lindores Abbey Tal Blitz 2021"]
[Site "Riga"]
[Date "2021.11.08"]
[Round "3.60"]
[White "Sukandar, Irine Kharisma"]
[Black "Golsta, Madara"]
[Result "1-0"]
[WhiteElo "2406"]
[BlackElo "2003"]
[Annotator "NA"]
[PlyCount "51"]
[EventDate "2021.11.02"]
[EventType "swiss"]
[EventCountry "LAT"]
[SourceTitle "playchess.com"]
[Source "ChessBase"]
[SourceQuality "1"]

1. d4 Nf6 2. Bf4 c5 3. e3 g6 4. Nf3 Bg7 5. h3 O-O 6. c4 cxd4 7. Nxd4 d5 8. Nc3
Nc6 9. Nxc6 bxc6 10. Be2 Qb6 11. Rb1 Rd8 12. cxd5 cxd5 13. O-O Bb7 14. Na4 Qc6
15. Rc1 Qe8 16. Rc7 Rab8 17. Nc5 Ba8 18. b3 e5 19. Bg5 d4 20. exd4 Rxd4 21. Qc2
h6 22. Bxf6 Bxf6 23. Bc4 Bd5 24. Nd7 Bd8 25. Bxd5 Rxd5 26. Nxb8 1-0

[Event "Lindores Abbey Tal Blitz 2021"]
[Site "Riga"]
[Date "2021.11.08"]
[Round "4.1"]
[White "Aronian, Levon"]
[Black "Erigaisi Arjun"]
[Result "0-1"]
[WhiteElo "2782"]
[BlackElo "2627"]
[Annotator "TA"]
[PlyCount "114"]
[EventDate "2021.11.02"]
[EventType "swiss"]
[EventCountry "LAT"]
[SourceTitle "playchess.com"]
[Source "ChessBase"]
[SourceQuality "1"]

1. e4 c5 2. Nf3 d6 3. c3 Nf6 4. Be2 Nc6 5. d4 cxd4 6. cxd4 Nxe4 7. d5 Qa5+ 8.
Nc3 Nxc3 9. bxc3 Ne5 10. Nxe5 dxe5 11. O-O e6 12. Qb3 Bc5 13. Bb5+ Ke7 14. Rd1
Rd8 15. a4 exd5 16. Ba3 Qc7 17. Re1 f6 18. c4 d4 19. f4 d3+ 20. Kh1 d2 21. Rf1
Bxa3 22. Qxa3+ Kf7 23. c5 Bg4 24. Bc4+ Kf8 25. Bb3 e4 26. Qb4 d1=Q 27. Bxd1
Bxd1 28. Raxd1 Rxd1 29. Rxd1 Qe7 30. Qb5 Rd8 31. Rxd8+ Qxd8 32. h3 Qc7 33. f5
e3 34. Kg1 h5 35. Qc4 Qe5 36. c6 bxc6 37. Qxc6 e2 38. Qc8+ Kf7 39. Qc4+ Ke7 40.
Qb4+ Kd7 41. Qb7+ Kd6 42. Qb8+ Kd5 43. Qb5+ Kd4 44. Qb2+ Kd3 45. Qb1+ Kd2 46.
Qa2+ Kc1 47. Qc4+ Kb2 48. Qb4+ Ka2 49. Qe1 Qe3+ 50. Kh1 a5 51. h4 Kb3 52. g3
Qf3+ 53. Kh2 Qf1 54. Qd2 Qf2+ 55. Kh3 e1=Q 56. Qd3+ Kb2 57. Qb5+ Ka1 0-1

[Event "Lindores Abbey Tal Blitz 2021"]
[Site "Riga"]
[Date "2021.11.08"]
[Round "4.2"]
[White "Vokhidov, Shamsiddin"]
[Black "Caruana, Fabiano"]
[Result "1/2-1/2"]
[WhiteElo "2521"]
[BlackElo "2791"]
[Annotator "TA"]
[PlyCount "110"]
[EventDate "2021.11.02"]
[EventType "swiss"]
[EventCountry "LAT"]
[SourceTitle "playchess.com"]
[Source "ChessBase"]
[SourceQuality "1"]

1. e4 e5 2. Nf3 Nc6 3. Bb5 a6 4. Ba4 Nf6 5. O-O Be7 6. d3 d6 7. c3 O-O 8. Re1
Re8 9. Nbd2 Bf8 10. Nf1 h6 11. Ng3 b5 12. Bb3 a5 13. a4 b4 14. h3 bxc3 15. bxc3
Be6 16. Bxe6 Rxe6 17. Rb1 d5 18. Qe2 d4 19. Bb2 Rb8 20. Rec1 dxc3 21. Bxc3 Rxb1
22. Rxb1 Bb4 23. Qc2 g6 24. Bb2 Nd7 25. Rc1 Nc5 26. Rd1 Rd6 27. Nxe5 Nxe5 28.
Bxe5 Rxd3 29. Rxd3 Qxd3 30. Qc1 Qd2 31. Qxd2 Bxd2 32. Nf1 Bb4 33. Bxc7 Nxa4 34.
Ne3 Nc5 35. Nd5 Nxe4 36. Kf1 Nc3 37. Nxb4 axb4 38. Ba5 Nd5 39. Ke2 Kg7 40. Kd3
Kf6 41. Kc4 Ke5 42. Bxb4 Nxb4 43. Kxb4 Kd4 44. Kb5 Kd3 45. Kc5 Ke2 46. f4 Ke3
47. Kd6 Kxf4 48. Ke7 f5 49. Kf6 g5 50. Kg6 Kg3 51. Kxh6 Kh4 52. Kg6 f4 53. Kf5
Kg3 54. Kxg5 Kxg2 55. Kxf4 Kxh3 1/2-1/2

[Event "Lindores Abbey Tal Blitz 2021"]
[Site "Riga"]
[Date "2021.11.08"]
[Round "4.3"]
[White "Navara, David"]
[Black "Anton Guijarro, David"]
[Result "0-1"]
[WhiteElo "2699"]
[BlackElo "2669"]
[Annotator "TA"]
[PlyCount "106"]
[EventDate "2021.11.02"]
[EventType "swiss"]
[EventCountry "LAT"]
[SourceTitle "playchess.com"]
[Source "ChessBase"]
[SourceQuality "1"]

1. d4 Nf6 2. c4 g6 3. Nc3 Bg7 4. e4 d6 5. Nf3 Bg4 6. Be2 O-O 7. Be3 Nfd7 8. d5
Na6 9. Nd4 Bxe2 10. Qxe2 Ndc5 11. Rb1 e5 12. Nc2 f5 13. b4 f4 14. Bd2 Nd7 15.
f3 h5 16. h4 Rf7 17. Qf2 c5 18. dxc6 bxc6 19. b5 Nac5 20. Nb4 a5 21. bxa6 Qc8
22. O-O Nxa6 23. Nxa6 Qxa6 24. Rb4 Bf8 25. Ra4 Qc8 26. Rxa8 Qxa8 27. Rb1 d5 28.
Qe2 d4 29. Nd1 Qxa2 30. Rb7 Nc5 31. Rxf7 Kxf7 32. Nf2 Qc2 33. Kf1 Be7 34. Bb4
Qb1+ 35. Qe1 Qc2 36. Bxc5 Qxc4+ 37. Qe2 Qxe2+ 38. Kxe2 Bxc5 39. Nd3 Bd6 40. Nb2
Be7 41. Nc4 Ke6 42. Na5 c5 43. Kd3 Bxh4 44. Kc4 Be7 45. Nb3 g5 46. Nc1 g4 47.
Nd3 gxf3 48. gxf3 h4 49. Nf2 Kd6 50. Nh3 Kc6 51. Nf2 Kb6 52. Kd5 Bf6 53. Ng4 h3
0-1

[Event "Lindores Abbey Tal Blitz 2021"]
[Site "Riga"]
[Date "2021.11.08"]
[Round "4.4"]
[White "Jobava, Baadur"]
[Black "Chigaev, Maksim"]
[Result "0-1"]
[WhiteElo "2582"]
[BlackElo "2626"]
[Annotator "ChessBase"]
[PlyCount "100"]
[EventDate "2021.11.02"]
[EventType "swiss"]
[EventCountry "LAT"]
[SourceTitle "playchess.com"]
[Source "ChessBase"]
[SourceQuality "1"]

1. e4 c5 2. Nf3 d6 3. Bb5+ Nd7 4. c3 Ngf6 5. Bd3 g6 6. Bc2 Bg7 7. d4 O-O 8. O-O
b5 9. Qe2 Bb7 10. Rd1 Qc7 11. Bg5 a6 12. Bh4 Rac8 13. a4 cxd4 14. Nxd4 b4 15.
f3 e5 16. Nb3 d5 17. Bf2 Rfd8 18. Bd3 bxc3 19. Nxc3 d4 20. Nb1 Qb6 21. N1d2 Bh6
22. a5 Qb4 23. Ra3 Be3 24. Bxe3 dxe3 25. Qxe3 Nh5 26. g3 Ng7 27. Rda1 Ne6 28.
Ra4 Qe7 29. Rc4 Rxc4 30. Nxc4 Qb4 31. Bf1 Bc6 32. Qc3 Qxc3 33. bxc3 Bb5 34. Rd1
Rb8 35. Rd5 Ba4 36. Nbd2 Bc6 37. Rd6 Bb5 38. Nb6 Ndc5 39. Bxb5 axb5 40. Rd5 Rb7
41. Rxe5 Ra7 42. Nd5 Rxa5 43. Kf1 Ra2 44. Nf6+ Kg7 45. Ne8+ Kf8 46. Nc7 Rxd2
47. Nxe6+ Nxe6 48. Rxb5 Rxh2 49. f4 Kg7 50. Kg1 Rc2 0-1

[Event "Lindores Abbey Tal Blitz 2021"]
[Site "Riga"]
[Date "2021.11.08"]
[Round "4.5"]
[White "Volokitin, Andrei"]
[Black "Mamedov, Rauf"]
[Result "0-1"]
[WhiteElo "2656"]
[BlackElo "2673"]
[Annotator "ChessBase"]
[PlyCount "74"]
[EventDate "2021.11.02"]
[EventType "swiss"]
[EventCountry "LAT"]
[SourceTitle "playchess.com"]
[Source "ChessBase"]
[SourceQuality "1"]

1. e4 c5 2. Nf3 g6 3. d4 cxd4 4. Qxd4 Nf6 5. Nc3 Nc6 6. Qa4 d6 7. e5 dxe5 8.
Nxe5 Bd7 9. Nxd7 Qxd7 10. Be2 Bg7 11. O-O O-O 12. Be3 Qf5 13. h3 a6 14. Bd3 Qc8
15. Rad1 Ne5 16. Be2 b5 17. Qh4 Nc4 18. Bc1 Qc5 19. Rfe1 Rac8 20. Bf3 Nd6 21.
a3 a5 22. Be3 Qf5 23. Nd5 Nxd5 24. Rxd5 Qxc2 25. Qxe7 Nf5 26. Qb7 Qxb2 27. Qxb5
Qxa3 28. Bc5 Qc3 29. Red1 Rfe8 30. Bg4 Re1+ 31. Rxe1 Qxe1+ 32. Kh2 Be5+ 33. g3
Bxg3+ 34. fxg3 Qxg3+ 35. Kh1 Qe1+ 36. Bg1 Qe4+ 37. Kh2 Rc2+ 0-1

[Event "Lindores Abbey Tal Blitz 2021"]
[Site "Riga"]
[Date "2021.11.08"]
[Round "4.6"]
[White "Deac, Bogdan-Daniel"]
[Black "Hovhannisyan, Robert"]
[Result "1-0"]
[WhiteElo "2651"]
[BlackElo "2622"]
[Annotator "ChessBase"]
[PlyCount "76"]
[EventDate "2021.11.02"]
[EventType "swiss"]
[EventCountry "LAT"]
[SourceTitle "playchess.com"]
[Source "ChessBase"]
[SourceQuality "1"]

1. e4 e5 2. Nf3 Nc6 3. Bb5 Nf6 4. O-O Nxe4 5. Re1 Nd6 6. Nxe5 Be7 7. Bf1 Nxe5
8. Rxe5 O-O 9. d4 Bf6 10. Re1 Re8 11. Bf4 Rxe1 12. Qxe1 Ne8 13. Qc3 d5 14. Nd2
c6 15. Re1 Bf5 16. Nb3 Nc7 17. Na5 Ne6 18. Be5 Bxe5 19. Rxe5 Bxc2 20. Nxb7 Qb6
21. Nc5 Bb1 22. Nxe6 fxe6 23. Rxe6 Bxa2 24. Rxc6 Qb3 25. Qd2 Rb8 26. Rc7 Qb6
27. Qf4 Qf6 28. Rxg7+ Kxg7 29. Qg3+ Kh6 30. Qxb8 Qxd4 31. Qd6+ Kg7 32. Qc7+ Kh6
33. Qd6+ Kg7 34. Qg3+ Kf6 35. Qd6+ Kg7 36. Qe7+ Kg6 37. h4 Bc4 38. Bxc4 dxc4
1-0

[Event "Lindores Abbey Tal Blitz 2021"]
[Site "Riga"]
[Date "2021.11.08"]
[Round "4.7"]
[White "Onyshchuk, Volodymyr"]
[Black "Sevian, Samuel"]
[Result "0-1"]
[WhiteElo "2622"]
[BlackElo "2668"]
[Annotator "ChessBase"]
[PlyCount "58"]
[EventDate "2021.11.02"]
[EventType "swiss"]
[EventCountry "LAT"]
[SourceTitle "playchess.com"]
[Source "ChessBase"]
[SourceQuality "1"]

1. e4 c6 2. d4 d5 3. Nc3 g6 4. e5 f6 5. f4 Nh6 6. Nf3 Bg7 7. Bd3 Bg4 8. h3 Bxf3
9. Qxf3 O-O 10. exf6 exf6 11. f5 Re8+ 12. Ne2 g5 13. h4 g4 14. Qg3 c5 15. dxc5
Na6 16. Bxh6 Bxh6 17. Qxg4+ Kh8 18. b4 Rg8 19. Qd4 Rxg2 20. a3 Qe7 21. Kd1 Re8
22. Re1 Rg4 23. Qb2 Qe3 24. Qc1 Qe5 25. Qxh6 Qxa1+ 26. Nc1 Rxe1+ 27. Kxe1 Rg1+
28. Ke2 Qe5+ 29. Kd2 Qe1# 0-1

[Event "Lindores Abbey Tal Blitz 2021"]
[Site "Riga"]
[Date "2021.11.08"]
[Round "4.8"]
[White "Maghsoodloo, Parham"]
[Black "Howell, David W L"]
[Result "0-1"]
[WhiteElo "2706"]
[BlackElo "2648"]
[Annotator "TA"]
[PlyCount "128"]
[EventDate "2021.11.02"]
[EventType "swiss"]
[EventCountry "LAT"]
[SourceTitle "playchess.com"]
[Source "ChessBase"]
[SourceQuality "1"]

1. d4 d5 2. c4 c6 3. Nf3 Nf6 4. e3 a6 5. Nbd2 Bf5 6. Nh4 Be4 7. Be2 e6 8. O-O
Nbd7 9. b3 Bd6 10. g3 Qe7 11. Bb2 Ba3 12. Qc1 Bxb2 13. Qxb2 O-O 14. b4 b5 15.
c5 a5 16. a4 bxa4 17. b5 cxb5 18. Qxb5 Rfb8 19. Qxa4 e5 20. Nxe4 Nxe4 21. Qc2
exd4 22. exd4 Nf8 23. Bd3 Rb4 24. Rfe1 Qf6 25. Bxe4 dxe4 26. Qxe4 Rd8 27. Nf5
g6 28. Ne7+ Kg7 29. Nc6 Rdxd4 30. Nxd4 Rxd4 31. Qe7 a4 32. Qxf6+ Kxf6 33. c6
Ne6 34. Rac1 Nc7 35. Re3 Rb4 36. Kg2 h5 37. Rd3 Rb8 38. Rc4 Ra8 39. Ra3 Ke6 40.
Raxa4 Rd8 41. Re4+ Kf6 42. Rad4 Rc8 43. Rf4+ Ke6 44. Rde4+ Kd5 45. Re7 f5 46.
Rf3 Nb5 47. Rd3+ Kc4 48. Rd1 Rxc6 49. Rc1+ Nc3 50. Re3 Kd4 51. Kf3 g5 52. Rcxc3
Rxc3 53. Rxc3 Kxc3 54. h4 g4+ 55. Kf4 Kd3 56. f3 Ke2 57. fxg4 fxg4 58. Kg5 Kf3
59. Kxh5 Kxg3 60. Kg5 Kf3 61. h5 g3 62. h6 g2 63. h7 g1=Q+ 64. Kh6 Qd4 0-1

[Event "Lindores Abbey Tal Blitz 2021"]
[Site "Riga"]
[Date "2021.11.08"]
[Round "4.9"]
[White "Pichot, Alan"]
[Black "Kravtsiv, Martyn"]
[Result "1-0"]
[WhiteElo "2630"]
[BlackElo "2616"]
[Annotator "ChessBase"]
[PlyCount "123"]
[EventDate "2021.11.02"]
[EventType "swiss"]
[EventCountry "LAT"]
[SourceTitle "playchess.com"]
[Source "ChessBase"]
[SourceQuality "1"]

1. e4 e5 2. Nf3 Nc6 3. Bb5 a6 4. Ba4 Nf6 5. O-O Be7 6. Re1 b5 7. Bb3 d6 8. c3
O-O 9. h3 Bb7 10. d4 Nd7 11. Nbd2 exd4 12. cxd4 Bf6 13. Nf1 Na5 14. Bc2 c5 15.
d5 Re8 16. Rb1 Nc4 17. b3 Nce5 18. N3h2 Ng6 19. Ng3 Bc3 20. Rf1 Nf6 21. f4 Bc8
22. Kh1 b4 23. Bd3 a5 24. Bb2 Bxb2 25. Rxb2 a4 26. Re2 axb3 27. axb3 Ba6 28.
Nf5 Bc8 29. g4 Kh8 30. Qe1 Ba6 31. Bxa6 Rxa6 32. h4 Ne7 33. Ng3 Ra3 34. g5 Nd7
35. Re3 f6 36. Ng4 Rf8 37. Nf5 Nxf5 38. exf5 Qa8 39. Qd1 Nb6 40. Rd3 Qc8 41.
Ne3 Re8 42. gxf6 gxf6 43. Rg1 Qd7 44. Qh5 Raa8 45. Ng4 Rg8 46. Nxf6 Rxg1+ 47.
Kxg1 Qg7+ 48. Qg5 h6 49. Qxg7+ Kxg7 50. Ne4 Rd8 51. Rg3+ Kf7 52. Rg6 Nxd5 53.
Nxd6+ Ke7 54. Re6+ Kd7 55. Ne4 Nxf4 56. Nxc5+ Kc7 57. Rxh6 Rd2 58. f6 Nh3+ 59.
Kf1 Rf2+ 60. Ke1 Kc6 61. Nd3 Rf3 62. Ne5+ 1-0

[Event "Lindores Abbey Tal Blitz 2021"]
[Site "Riga"]
[Date "2021.11.08"]
[Round "4.10"]
[White "Martirosyan, Haik M."]
[Black "Van Foreest, Jorden"]
[Result "1-0"]
[WhiteElo "2624"]
[BlackElo "2701"]
[Annotator "TA"]
[PlyCount "114"]
[EventDate "2021.11.02"]
[EventType "swiss"]
[EventCountry "LAT"]
[SourceTitle "playchess.com"]
[Source "ChessBase"]
[SourceQuality "1"]

1. d4 d5 2. c4 c6 3. Nf3 Nf6 4. Nc3 dxc4 5. a4 e6 6. e4 Bb4 7. Bg5 h6 8. Bxf6
Qxf6 9. Bxc4 c5 10. O-O cxd4 11. e5 Qe7 12. Qxd4 O-O 13. Qg4 Bxc3 14. bxc3 Bd7
15. Bd3 Bc6 16. Nd4 Nd7 17. f4 Nc5 18. Bc2 Rac8 19. Rae1 Bxa4 20. Bb1 Nb3 21.
f5 Qg5 22. Qe2 Rxc3 23. Nf3 Qf4 24. Qb2 Re3 25. g3 Qxf3 26. Rxf3 Rxe1+ 27. Rf1
Rxf1+ 28. Kxf1 Rd8 29. Ke1 Nd4 30. Qb4 Bc6 31. f6 Nf3+ 32. Kf2 Nxe5 33. fxg7
Kxg7 34. h3 Rd5 35. Qc3 Kg8 36. g4 Rb5 37. Bc2 a5 38. Qa3 Nc4 39. Qd3 Bd5 40.
Qh7+ Kf8 41. Qxh6+ Ke8 42. Ba4 Bc6 43. Qh8+ Ke7 44. Bxb5 Bxb5 45. Qb8 Bc6 46.
Qc7+ Ke8 47. Qf4 Nb6 48. Qc7 Nc4 49. Qf4 Nb6 50. h4 Nd5 51. Qd6 Nf6 52. Qd4
Ne4+ 53. Ke3 a4 54. h5 f6 55. h6 Kf7 56. Qd8 Ng5 57. Qc7+ Ke8 1-0

[Event "Lindores Abbey Tal Blitz 2021"]
[Site "Riga"]
[Date "2021.11.08"]
[Round "4.11"]
[White "Niemann, Hans Moke"]
[Black "Sjugirov, Sanan"]
[Result "1-0"]
[WhiteElo "2635"]
[BlackElo "2663"]
[Annotator "ChessBase"]
[PlyCount "109"]
[EventDate "2021.11.02"]
[EventType "swiss"]
[EventCountry "LAT"]
[SourceTitle "playchess.com"]
[Source "ChessBase"]
[SourceQuality "1"]

1. c4 Nf6 2. Nf3 e6 3. g3 d5 4. Bg2 dxc4 5. Qa4+ Nbd7 6. Qxc4 c5 7. Qc2 Bd6 8.
O-O O-O 9. Nc3 a6 10. d4 cxd4 11. Nxd4 Qe7 12. Rd1 h6 13. h3 Nb6 14. a4 Rd8 15.
a5 Nbd5 16. Nxd5 exd5 17. Qb3 Be6 18. Be3 Rac8 19. Rac1 Bb4 20. Qa4 Bd7 21. Qa2
Bc5 22. Rc3 Ne4 23. Rcd3 Bxd4 24. Bxd4 Bb5 25. Re3 Qb4 26. Bb6 Bc4 27. Qa3 Qxa3
28. Rxa3 Re8 29. e3 Bb5 30. Bf1 Bxf1 31. Rxf1 Rc2 32. Rd3 Rxb2 33. Rxd5 Rc8 34.
Re5 Ng5 35. Kg2 Ne6 36. Rd5 Rcc2 37. h4 Rd2 38. Rxd2 Rxd2 39. Rc1 f6 40. Rc8+
Kf7 41. Rb8 Rd7 42. f4 f5 43. h5 Nf8 44. Kf3 Nh7 45. Bd4 Nf8 46. g4 fxg4+ 47.
Kxg4 Ne6 48. Bb6 Nf8 49. e4 Re7 50. Rxf8+ Kxf8 51. Bc5 Kf7 52. Bxe7 Kxe7 53.
Kf5 Kf7 54. e5 Ke7 55. Kg6 1-0

[Event "Lindores Abbey Tal Blitz 2021"]
[Site "Riga"]
[Date "2021.11.08"]
[Round "4.13"]
[White "Indjic, Aleksandar"]
[Black "Shevchenko, Kirill"]
[Result "0-1"]
[WhiteElo "2612"]
[BlackElo "2647"]
[Annotator "ChessBase"]
[PlyCount "148"]
[EventDate "2021.11.02"]
[EventType "swiss"]
[EventCountry "LAT"]
[SourceTitle "playchess.com"]
[Source "ChessBase"]
[SourceQuality "1"]

1. d4 Nf6 2. c4 g6 3. Nc3 Bg7 4. Bg5 d5 5. e3 c5 6. dxc5 Qa5 7. Bxf6 Bxf6 8.
Rc1 dxc4 9. Bxc4 O-O 10. Nf3 Qxc5 11. Bb3 Nc6 12. O-O Rd8 13. Nd5 Qd6 14. Qe2
Be6 15. Rfd1 Bxd5 16. Bxd5 Qb4 17. Bxc6 bxc6 18. b3 a5 19. g3 Rxd1+ 20. Qxd1 a4
21. bxa4 Rxa4 22. Rc2 Qa5 23. Qb1 c5 24. Nd2 Rb4 25. Qc1 h5 26. h4 Qa4 27. Nc4
Kg7 28. Kh2 Rb8 29. Qd1 Qc6 30. Qh1 Qa4 31. Qe4 Rb4 32. Qd3 Qc6 33. Rc1 Qf3 34.
Rf1 Qg4 35. Rc1 Qf3 36. Kg1 Rb8 37. a3 Ra8 38. Qd1 Qe4 39. Qc2 Qf3 40. Rd1 Rb8
41. Rb1 Rd8 42. a4 g5 43. hxg5 Bxg5 44. Nd2 Qe2 45. Qf5 Bf6 46. Ne4 Qd3 47. Rb6
Rd5 48. Qf3 h4 49. Nxf6 Qd1+ 50. Qxd1 Rxd1+ 51. Kg2 h3+ 52. Kxh3 exf6 53. a5
Ra1 54. a6 c4 55. Rc6 c3 56. Kg4 c2 57. Rxc2 Rxa6 58. f4 Ra3 59. e4 Re3 60. Rc4
Kg6 61. Ra4 Kg7 62. Kh4 Re1 63. Kg4 Re3 64. Rb4 Kg6 65. Rd4 Kg7 66. Kh3 Re2 67.
Rc4 Kg6 68. Kg4 Re3 69. Ra4 Kg7 70. Kh3 Re2 71. Kh4 Kg6 72. f5+ Kg7 73. g4 Re1
74. Rb4 Kh6 0-1

[Event "Lindores Abbey Tal Blitz 2021"]
[Site "Riga"]
[Date "2021.11.08"]
[Round "4.14"]
[White "Paravyan, David"]
[Black "Kovalev, Vladislav"]
[Result "1-0"]
[WhiteElo "2642"]
[BlackElo "2634"]
[Annotator "ChessBase"]
[PlyCount "115"]
[EventDate "2021.11.02"]
[EventType "swiss"]
[EventCountry "LAT"]
[SourceTitle "playchess.com"]
[Source "ChessBase"]
[SourceQuality "1"]

1. e4 e5 2. Nf3 Nc6 3. Nc3 Nf6 4. d4 exd4 5. Nxd4 Bb4 6. Nxc6 bxc6 7. Bd3 O-O
8. O-O d5 9. exd5 cxd5 10. Bg5 c6 11. Qf3 Bd6 12. h3 Rb8 13. b3 h6 14. Bxf6
Qxf6 15. Qxf6 gxf6 16. Ne2 Re8 17. Rad1 a5 18. Nd4 c5 19. Nf5 Bf8 20. Ne3 Be6
21. a4 d4 22. Nc4 Bxc4 23. Bxc4 Bd6 24. g3 Re7 25. Rfe1 Rbe8 26. Rxe7 Rxe7 27.
Kf1 f5 28. Rd3 f4 29. gxf4 Kg7 30. Rg3+ Kf6 31. Rg8 Bxf4 32. Ra8 Bd2 33. Kg2
Kg5 34. Rg8+ Kf6 35. Kf3 Be1 36. Bd3 Bb4 37. Rh8 Kg5 38. Kg3 Bd2 39. h4+ Kf6
40. Rg8 Bb4 41. Kg4 Be1 42. Kf3 Bd2 43. Rc8 Bb4 44. Rh8 Bd2 45. Kg4 Re1 46. Rc8
Bb4 47. Rc6+ Re6 48. Rc7 Re7 49. Rc8 Re5 50. Bc4 h5+ 51. Kg3 Be1 52. Rc7 Kg6
53. Bxf7+ Kf6 54. Bc4 Re4 55. Rc6+ Ke7 56. Rxc5 Rg4+ 57. Kf3 Rxh4 58. Re5+ 1-0

[Event "Lindores Abbey Tal Blitz 2021"]
[Site "Riga"]
[Date "2021.11.08"]
[Round "4.15"]
[White "Kovalenko, Igor"]
[Black "Jumabayev, Rinat"]
[Result "1-0"]
[WhiteElo "2668"]
[BlackElo "2658"]
[Annotator "ChessBase"]
[PlyCount "77"]
[EventDate "2021.11.02"]
[EventType "swiss"]
[EventCountry "LAT"]
[SourceTitle "playchess.com"]
[Source "ChessBase"]
[SourceQuality "1"]

1. d4 Nf6 2. Nf3 e6 3. e3 c5 4. Bd3 b6 5. O-O Bb7 6. c4 cxd4 7. exd4 d5 8. cxd5
Nxd5 9. Nc3 Be7 10. Ne5 O-O 11. Qg4 Nf6 12. Qh4 Nbd7 13. Rd1 g6 14. Bg5 Nxe5
15. dxe5 Nd5 16. Bxe7 Qxe7 17. Qxe7 Nxe7 18. Nb5 Rfd8 19. Nd6 Bd5 20. a4 Nf5
21. Bxf5 gxf5 22. Ra3 Rd7 23. Rc1 f6 24. f4 fxe5 25. Rg3+ Kh8 26. fxe5 f4 27.
Rg4 Rf8 28. Kf2 f3 29. gxf3 Bxf3 30. Rh4 Bd5+ 31. Ke3 Rg7 32. Rf4 Rxf4 33. Rc8+
Rg8 34. Rxg8+ Kxg8 35. Kxf4 Bb3 36. Nc8 Bxa4 37. Nxa7 Bd7 38. b4 b5 39. Ke4 1-0

[Event "Lindores Abbey Tal Blitz 2021"]
[Site "Riga"]
[Date "2021.11.08"]
[Round "4.16"]
[White "Dubov, Daniil"]
[Black "Sadhwani, Raunak"]
[Result "1-0"]
[WhiteElo "2714"]
[BlackElo "2609"]
[Annotator "TA"]
[PlyCount "105"]
[EventDate "2021.11.02"]
[EventType "swiss"]
[EventCountry "LAT"]
[SourceTitle "playchess.com"]
[Source "ChessBase"]
[SourceQuality "1"]

1. d4 Nf6 2. c4 e6 3. Nf3 d5 4. g3 dxc4 5. Bg2 c5 6. O-O Nc6 7. Na3 cxd4 8.
Nxc4 Bc5 9. a3 a5 10. b3 O-O 11. Bb2 Qe7 12. Nxd4 Bxd4 13. Bxd4 Rd8 14. Bxc6
bxc6 15. Bxf6 Qxf6 16. Qc2 e5 17. Qc3 Ba6 18. Rfd1 Rd4 19. Nxe5 Rxd1+ 20. Rxd1
Bxe2 21. Rd2 Ba6 22. Qxc6 Rb8 23. Qd6 Re8 24. f4 Bb5 25. Qxf6 gxf6 26. Ng4 Kg7
27. Kf2 Rc8 28. Ne3 Rc3 29. Nf5+ Kg6 30. Ne7+ Kg7 31. Nf5+ Kg6 32. Nd4 Ba6 33.
a4 Bd3 34. Rb2 Be4 35. b4 Ra3 36. Nb5 Rxa4 37. Nc3 Rxb4 38. Rxb4 axb4 39. Nxe4
b3 40. Kf3 b2 41. Nc3 h5 42. Ke4 h4 43. g4 h3 44. Nb1 f5+ 45. gxf5+ Kf6 46. Nc3
Ke7 47. Ke5 f6+ 48. Kd5 Kd7 49. Nb1 Ke7 50. Kc6 Kf7 51. Kd6 Kg7 52. Ke6 Kh6 53.
Kxf6 1-0

[Event "Lindores Abbey Tal Blitz 2021"]
[Site "Riga"]
[Date "2021.11.08"]
[Round "4.17"]
[White "Sargissian, Gabriel"]
[Black "Korobov, Anton"]
[Result "1/2-1/2"]
[WhiteElo "2664"]
[BlackElo "2684"]
[Annotator "ChessBase"]
[PlyCount "77"]
[EventDate "2021.11.02"]
[EventType "swiss"]
[EventCountry "LAT"]
[SourceTitle "playchess.com"]
[Source "ChessBase"]
[SourceQuality "1"]

1. d4 Nf6 2. c4 e6 3. Nf3 d5 4. g3 dxc4 5. Bg2 Bb4+ 6. Bd2 a5 7. O-O O-O 8. Bg5
b5 9. a4 c6 10. Ne5 Ra6 11. Nc3 Rb6 12. Ng4 Nbd7 13. Nxf6+ Nxf6 14. Ne4 Be7 15.
Nxf6+ Bxf6 16. Bxf6 Qxf6 17. axb5 Rxb5 18. e3 e5 19. dxe5 Qxe5 20. Qd2 Be6 21.
Qc3 Qxc3 22. bxc3 Rc5 23. Rfb1 g6 24. Rb6 Rd8 25. Rxc6 Rxc6 26. Bxc6 Rd3 27. h4
Rxc3 28. Rxa5 Rc1+ 29. Kg2 c3 30. Rc5 Kf8 31. Bd5 Ke7 32. Bxe6 Kxe6 33. e4 h5
34. Kf3 c2 35. e5 Kf5 36. Kg2 Ke4 37. Rc8 Kxe5 38. Re8+ Kf6 39. Rc8 1/2-1/2

[Event "Lindores Abbey Tal Blitz 2021"]
[Site "Riga"]
[Date "2021.11.08"]
[Round "4.18"]
[White "Matlakov, Maxim"]
[Black "Ganguly, Surya Shekhar"]
[Result "1-0"]
[WhiteElo "2691"]
[BlackElo "2633"]
[Annotator "ChessBase"]
[PlyCount "51"]
[EventDate "2021.11.02"]
[EventType "swiss"]
[EventCountry "LAT"]
[SourceTitle "playchess.com"]
[Source "ChessBase"]
[SourceQuality "1"]

1. e4 e6 2. d4 d5 3. exd5 exd5 4. Nf3 Bd6 5. c4 dxc4 6. Bxc4 Nf6 7. O-O O-O 8.
Nc3 Bg4 9. h3 Bh5 10. g4 Bg6 11. Ne5 Ne4 12. Nxg6 Nxc3 13. bxc3 hxg6 14. Qf3 c6
15. Rb1 Qc7 16. a4 Nd7 17. Re1 Nf6 18. Bg5 Nh7 19. Bd2 Rae8 20. g5 Re7 21. Rxe7
Qxe7 22. h4 Qc7 23. Kg2 Re8 24. Rh1 Nf8 25. h5 gxh5 26. Qxh5 1-0

[Event "Lindores Abbey Tal Blitz 2021"]
[Site "Riga"]
[Date "2021.11.08"]
[Round "4.19"]
[White "Bartel, Mateusz"]
[Black "Dreev, Aleksey"]
[Result "1/2-1/2"]
[WhiteElo "2619"]
[BlackElo "2635"]
[Annotator "ChessBase"]
[PlyCount "97"]
[EventDate "2021.11.02"]
[EventType "swiss"]
[EventCountry "LAT"]
[SourceTitle "playchess.com"]
[Source "ChessBase"]
[SourceQuality "1"]

1. e4 c6 2. Nf3 d5 3. Nc3 dxe4 4. Nxe4 Nf6 5. Ng3 g6 6. h3 Bg7 7. Bc4 O-O 8.
O-O b5 9. Bb3 Nbd7 10. d4 c5 11. c3 Bb7 12. Re1 e6 13. Be3 Qc7 14. Qe2 a6 15.
Rad1 Rad8 16. Rd2 Rfe8 17. Red1 Nd5 18. Bg5 Rc8 19. dxc5 Nxc5 20. Bc2 h6 21.
Be3 Nxe3 22. Qxe3 Bd5 23. Ne4 Nb7 24. h4 Na5 25. Bd3 Nc4 26. Bxc4 bxc4 27. h5
g5 28. Ng3 Rb8 29. Nd4 Qe5 30. Qxe5 Bxe5 31. Nge2 Be4 32. b4 Red8 33. f3 Ba8
34. Nc2 Rxd2 35. Rxd2 Bc6 36. Ne3 Bb5 37. Kf2 a5 38. a3 axb4 39. axb4 Ra8 40.
Nd4 Bxd4 41. Rxd4 Ra3 42. Nxc4 Rxc3 43. Ne5 f6 44. Ng4 Kg7 45. Rd6 f5 46. Ne3
Kf7 47. Rb6 Ba4 48. Ra6 Bb5 49. Rb6 1/2-1/2